Liminar: estudios sociales y humanísticos. Revista
Αποθηκεύτηκε σε:
| Συγγραφή απο Οργανισμό/Αρχή: | |
|---|---|
| Μορφή: | Βιβλίο |
| Γλώσσα: | Spanish |
| Έκδοση: |
México
Universidad de Ciencias y Artes de Chiapas
2016
|
| Ετικέτες: |
Προσθήκη ετικέτας
Δεν υπάρχουν, Καταχωρήστε ετικέτα πρώτοι!
|
MARC
| LEADER | 00000nam a22000007a 4500 | ||
|---|---|---|---|
| 003 | cru CIDCACS/IIS | ||
| 005 | 20200114164118.0 | ||
| 007 | ta | ||
| 008 | 171220t2015 mx |||||r|||||||| ||spa|d | ||
| 999 | |c 40771 |d 40771 | ||
| 022 | |a 16658027 | ||
| 040 | |c cru CIDCACS/IIS | ||
| 090 | |a 05.02.01 C397L | ||
| 110 | 1 | |9 6289 |a Universidad de Ciencias y Artes de Chiapas. |b Centro de Estudios Superiores de México y Centroamérica | |
| 245 | 1 | |a Liminar: |b estudios sociales y humanísticos. Revista |c Centro de Estudios Superiores de México y Centroamérica | |
| 260 | |a México |b Universidad de Ciencias y Artes de Chiapas |c 2016 | ||
| 300 | |a 193 páginas: |b tablas, mapa, fotos | ||
| 500 | |a revista vol. 13 (2), 2015 | ||
| 942 | |2 ddc |c LI | ||
